000 00862aasaa2200217 a 4500
005 20171115172526.0
008 171115uxx sz u||p|r|||| 00| 0 spa d
040 _aCO-BoIAVH
_cCO-BoIAVH
041 0 _aspa
044 _asz
090 _aSE
245 1 0 _aBoletín de Ramsar :
_bConvención sobre los humedales
260 _aGland (Suiza) :
_bWorld Wildlife Fund,
_c[s.f.].
300 _bilustraciones ;
_c30 x 21 cm.
310 _au
611 2 4 _aConferencia de las partes contratantes en la Convención sobre los Humedales (RAMSAR Irán, 1971)
_cSan José (Costa Rica)
_d1999, Mayo 10 al 18
_986959
650 2 6 _aTierras húmedas
_xConservación
_yPublicaciones periódicas
650 2 4 _aHumedales
_xConservación
_yPublicaciones periódicas
711 2 _aConvención sobre los Humedales
_cRamsar, Irán,
_d 1971
_986962
942 _cREVISTA
_2z
_s1
999 _c16746
_d16746